| 000 | 01188cas a2200409 4500 | ||
|---|---|---|---|
| 999 |
_c126365 _d126365 |
||
| 001 | 11177578 | ||
| 005 | 20220420092040.0 | ||
| 008 | 740402c19749999nyuar b 0 a0eng | ||
| 020 | _a9781264269402 | ||
| 022 | 0 | _a0092-8682 | |
| 040 | _cPK-LaUMT | ||
| 082 | 0 | 4 |
_a616.075 _222 _bCUR- |
| 245 | 0 | 0 |
_aCurrent medical diagnosis & treatment / _cedited by Maxine A. Papadakis . . . [et al.] |
| 260 |
_aNew York, _bMcGraw-Hill, _c2022 |
||
| 300 |
_a1840 p. _billustrations _c26 cm |
||
| 500 | _aPublished: New York : McGraw-Hill, 2000- ; McGraw-Hill Medical, <2009->. | ||
| 650 | 0 | _aDiagnosis | |
| 650 | 0 | _aTherapeutics | |
| 650 | 6 | _aDiagnostics | |
| 650 | 6 | _aThérapeutique | |
| 650 | 6 | _aMédecine clinique | |
| 650 | 7 | _a44.50 diagnostic and therapy: general. | |
| 650 | 7 | _aDiagnosis. | |
| 650 | 7 | _aTherapeutics. | |
| 650 | 1 | 7 | _aDiagnose. |
| 650 | 1 | 7 | _aTherapieën. |
| 650 | 2 | _aDiagnosis | |
| 650 | 2 | _aTherapeutics | |
| 700 | 1 | _aKrupp, Marcus A. | |
| 700 | 1 | _aChatton, Milton J. | |
| 700 | 1 | _aTierney, Lawrence M., | |
| 700 | 1 | _aMcPhee, Stephen J. | |
| 700 | 1 | _aPapadakis, Maxine A. | |
| 942 | _cBK | ||